La littérature française du XIX siècle - Statistiques

Statistiques générales
  • Ce quiz a été pris 780 fois
  • Le résultat moyen est 12 sur 15
Statistiques - réponses
Question Réponse % Correct
Quel livre de Emile Zola de 1885 raconte les conditions de travail dans les mines de charbon du nord de la France ? Germinal
92%
Quel roman de Gustave Flaubert raconte l'histoire de Emma, et de son mariage malheureux avec Charles, terminant par son suicide par ingestion d'arsenic ? Madame Bovary
92%
Quelle femme du XIX est la première à vivre de sa plume ? Georges Sand
89%
Dans le recueil " les Fleurs du mal " (1857) de Charles Baudelaire, quel nom d'oiseau est le titre d'un célèbre poème ? L'albatros
89%
Quel roman (1830) de Stendhal raconte l'ascension sociale de Louis Sorel ? Le Rouge et le Noir
89%
Quel écrivain, connu pour ces romans d'aventures, était édité chez Pierre-Jules Hetzel ? Jules Verne
88%
Quel est l'objet du poème " le dormeur du val" (1870) d'Arthur Rimbaud ? Un soldat mort
85%
Dans "Les Misérables" (1862) de Victor Hugo, pourquoi Jean Valjean a été condamné à 5ans de bagne ? Vol d'une miche de pain
83%
Parmi ces styles littéraires, dans lequel Victor Hugo n'a pas écrit ? Fiction
79%
Quel écrivain rédige 20 romans - regroupé sous le titre " Les Rougon-Macquart" ? Emile Zola
78%
Dans le roman d'Alexandre Dumas de 1844, quel est le prénom des Trois Mousquetaires ? Athos, Porthos et Aramis
76%
Quel genre littéraire ne date pas du XIX siècle ? Lyrisme
67%
Quel célèbre écrivait se serait exclamé " je veux être Chateaubriant, ou rien " ? Victor Hugo
66%
Quelle est la dernière phrase du " Père Goriot" (1835) de Honoré de Balzac, prononcé par le personnage de Rastignac ? A nous deux, Paris !
52%
Quel écrivain habitait dans la propriété de " La vallée-aux-loups" ? François-René de Chateaubriant
52%
Aucun quiz correspondant
Distribution des résultats
% des personnes avec chaque résultat
Percentile par nombre de réponses
Votre historique - résultats
Vous n’avez pas pris ce quiz